000 00578nam a2200205Ia 4500
003 GCL
008 140319s9999 xx 000 0 ara d
040 _aGCL /
_cGCL
082 0 4 _a155.4
_bع ن
100 1 _aعبدالغنى المليجى
245 1 0 _aالنمو النفسى /
_cعبدالغنى المليجى
260 _a[S.N] :
_bمكتبة مصر
300 _a224 ص
490 _a
650 0 4 _aعلم النفس
650 0 4 _aعلم النفس التربوى
650 0 4 _aالذكاء
650 0 4 _aعلم النفس الارتقائى
942 _2ddc
_cBK
999 _c35001
_d35001